000 00324nam a2200133Ia 4500
008 260604s9999 xx 000 0 und d
020 _a9781408855669
082 _a823.91 ROW
100 _aROWLING
_935313
245 0 _aHARRY POTTER AND THE CHAMBER OF SECRETS - NEW
260 _bBLY
500 _aHarry Potter
942 _cBK
999 _c8089
_d8089